Online
Catalog

La señora Parkington : (Record no. 1403)

MARC details
000 -CABECERA
campo de control de longitud fija 00731cam a2200229 a 4500
001 - NÚMERO DE CONTROL
campo de control 000001497
005 - FECHA Y HORA DE LA ÚLTIMA TRANSACCIÓN
campo de control 20200929145611.0
008 - DATOS DE LONGITUD FIJA--INFORMACIÓN GENERAL
campo de control de longitud fija 840426s1954 sp 000 f spa
040 ## - FUENTE DE LA CATALOGACIÓN
Centro catalogador/agencia de origen DO-SdBNP
Lengua de catalogación spa
Centro/agencia transcriptor BNPHU
082 ## - NÚMERO DE LA CLASIFICACIÓN DECIMAL DEWEY
Número de clasificación 863.44
Número de documento/Ítem B868s
100 1# - ENTRADA PRINCIPAL--NOMBRE DE PERSONA
Nombre de persona Bromfield, Louis,
Fechas asociadas al nombre 1896-1956.
9 (RLIN) 4947
240 10 - TÍTULO UNIFORME
Título uniforme Mrs. Parkington.
Lenguaje de la obra Español.
245 13 - MENCIÓN DE TÍTULO
Título La señora Parkington :
Resto del título novela /
Mención de responsabilidad, etc. Louis Bromfield; traducción de Antonio Valencia.
260 ## - PUBLICACIÓN, DISTRIBUCIÓN, ETC.
Lugar de publicación, distribución, etc. Barcelona :
Nombre del editor, distribuidor, etc. Planeta,
Fecha de publicación, distribución, etc. 1954.
300 ## - DESCRIPCIÓN FÍSICA
Extensión 328 p. ;
Dimensiones 19 cm.
490 1# - MENCIÓN DE SERIE
Mención de serie Goliat
534 ## - NOTA SOBRE LA VERSIÓN ORIGINAL
Encabezamiento principal del original Título original:
Mención de título del original Mrs. Parkington.
650 #4 - PUNTO DE ACCESO ADICIONAL DE MATERIA--TÉRMINO DE MATERIA
Término de materia o nombre geográfico como elemento de entrada Novela española
9 (RLIN) 1123
650 #4 - PUNTO DE ACCESO ADICIONAL DE MATERIA--TÉRMINO DE MATERIA
Término de materia o nombre geográfico como elemento de entrada Literatura española
9 (RLIN) 632
700 1# - PUNTO DE ACCESO ADICIONAL--NOMBRE DE PERSONA
Nombre de persona Valencia, Antonio,
Término indicativo de función/relación tr.
9 (RLIN) 4948
830 #0 - PUNTO DE ACCESO ADICIONAL DE SERIE-TÍTULO UNIFORME
Título uniforme Goliat.
9 (RLIN) 4949
Holdings
Estado de retiro Estado de pérdida Restricciones de uso No para préstamo Código de colección Localización permanente Ubicación/localización actual Ubicación en estantería Fecha de adquisición Número de inventario Total de préstamos Signatura topográfica completa Código de barras Fecha visto por última vez Precio válido a partir de Tipo de ítem Koha
    Préstamo interno   Monografías: Libros y Folletos General General En catalogación 09.09.2009 LF1   863.44 B868s 1497-10 25.06.2020 25.06.2020 Préstamo interno

Powered by Koha